|
|
|
|
| LEADER |
00000nab a2200000 a 4500 |
| 001 |
vtls011112389 |
| 003 |
SK-MaSNL |
| 005 |
20260303193414.0 |
| 008 |
230218|1968 xo |||||||||||||||||slo| |
| 015 |
|
|
|a SNBRB
|
| 035 |
|
|
|a (uuid)6c33440d-85a6-47e3-b439-d13dac3b95d2
|
| 035 |
|
|
|a (urnnbn)urn:nbn:sk:snk:ar-a08g89
|
| 035 |
|
|
|a urn:nbn:sk:snk-ab9isp
|
| 040 |
|
|
|a SNKBUCL
|b slo
|c SNKBUCL
|e AACR2
|
| 041 |
0 |
|
|a slo
|
| 044 |
|
|
|a xo
|c SK
|
| 100 |
1 |
|
|a Lazar, J.
|4 aut
|9 1139361
|
| 245 |
1 |
0 |
|a ROČNÝ POHYB KYSELINY ASKORBOVEJ V KRVNOM SÉRE OVIEC
|c J. Lazar, T. Kovalčík, F. Jenčík, J. Mezencev, V. Machýček
|
| 700 |
1 |
|
|a Kovalčík, T.
|4 aut
|9 1143165
|
| 700 |
1 |
|
|a Jenčík, F.
|4 aut
|9 776532
|
| 700 |
1 |
|
|a Mezencev, Jaroslav,
|d 1938-
|4 aut
|9 234133
|
| 700 |
1 |
|
|a Machýček, V.
|4 aut
|9 1143340
|
| 773 |
0 |
|
|t Folia veterinaria
|g Roč. 12, č. 3-4 (1968), s. 21-26
|
| 954 |
|
|
|a odborná, vedecká literatúra pôvodná (slovenská)
|2 lita
|
| 958 |
|
|
|a OND
|
| 958 |
|
|
|a EUIPO
|
| 958 |
|
|
|a article13
|
| 999 |
|
|
|c 2152249
|d 2154179
|